000 00337nam a22001217a 4500
008 230621b xxu||||| |||| 00| 0 eng d
082 _a328.16
_bRSA
100 _cRSA
245 _aProcedural Developments in the National Assembly
_bFourth Session-Second Parliament
260 _aSouth Africa
_bRSA
_c2002
300 _a13p
942 _2ddc
_cBK
999 _c2145
_d2145